| 000 | 01010nam a2200229 4500 | ||
|---|---|---|---|
| 001 | 174675 | ||
| 003 | ES-MaACL | ||
| 005 | 20230906215621.0 | ||
| 008 | 100517s1974 ru ao |||| | spa d | ||
| 080 | _a355.337.26(460)"1936/39" | ||
| 080 | _a946.0"1936/39" | ||
| 245 | 0 | 3 |
_aLa solidaridad de los pueblos con la República española : _b1936-1939 / _c[Comisión Internacional de Redacción, H. Teubner ... et al. ; traducido por Isidro R. Mendieta]. |
| 260 |
_aMoscú : _bProgreso, _c1974. |
||
| 300 |
_a413 p., [1] h. pleg. de mapa col. : _bil., fot. ; _c22 cm. |
||
| 500 | _aÍndice. | ||
| 504 | _aReferencias bibliográficas. | ||
| 594 | _aPrecede al tít.: Academia de Ciencias de la URSS. Instituto del Movimiento Obrero Internacional. Comité Soviético de Veteranos de Guerra. | ||
| 651 | 4 |
_aEspaña- _xHistoria- _y1936-1939, Guerra civil- _xParticipación extranjera. _98319 |
|
| 700 | 1 |
_aTeubner, H. _9142881 |
|
| 710 | 2 |
_aAcademia de Ciencias de la URSS. _91167 |
|
| 852 | 4 |
_aES-MaACL _jC-57226 |
|
| 999 |
_c174675 _d174675 |
||